000 01358namaa2200337 i 4500
003 EG-GICUC
005 20260214140625.0
008 260214s1996 ua |||jr|||| 000 0 ara d
017 _a1996 / 3417
_bدار الكتب والوثائق القومية (مصر)
020 _a977279070X
040 _aEG-GiCUC
_bara
_cEG-GiCUC
_dEG-GiCUC
_erda
043 _af-sj---
082 0 4 _221
_a320.9624
_bI14t
092 0 4 _221
_a320.9624
_bI14t
099 _a320.9624 I14t
100 1 _aابراهيم، عبد الله على
_eمؤلف.
245 1 2 _aالثقافة والديمقراطية فى السودان /
_cبقلم الدكتور عبد الله على إبراهيم.
250 _aالطبعة الاولى
264 _aالقاهرة (مصر) :
_bدار الامين للنشر والتوزيع،
_c1996.
300 _a179 صفحة ؛
_c24 سم
336 _2rdacontent
_atext
337 _2rdamedia
_aUnmediated
338 _2rdacarrier
_avolume
504 _aيشتمل على ارجاعات ببليوجرافية.
541 _aد. جابر عصفور ؛
_bالقاهرة ؛
_cإهداء ؛
_d2024.
650 1 7 _aالديموقراطية
_zالسودان
_2qrmak
650 1 7 _aالثقافة السياسية
_zالسودان
_2qrmak
651 1 7 _2qrmak
_aالسودان
_xسياسة وحكومة
905 _aAya
942 _2ddc
_cBK
_e21
_n0
999 _c178446
_d178446